| 000 | 00000nam##2200000za#4500 |
| 001 | 9.579385 |
| 003 | CaOODSP |
| 005 | 20210624190534 |
| 007 | cr ||||||||||| |
| 008 | 150406|2003||||xxc|||||o f|0| 0 eng|d |
| 022 | |a1488-5379 |
| 040 | |aCaOODSP|beng |
| 043 | |an-cn--- |
| 086 | 1 |aFs97-6/2451E-PDF |
| 110 | 1 |aCanada. |bDepartment of Fisheries and Oceans. |
| 245 | 10|aEulachon embryonic egg and larval outdrift sampling manual for ocean and river surveys / |h[electronic resource]|cby P.B. McCarter and D.E. Hay. |
| 260 | |aNanaimo - British Columbia : |bFisheries and Oceans Canada |c2003. |
| 300 | |a37p.|breferences |
| 490 | 1 |aCanadian technical report of fisheries and aquatic sciences|x1488-5379|vNo. 2451 |
| 500 | |aOn t.p.: Pacific Biological Station, Nanaimo, British Columbia. |
| 546 | |a(Résumé en français) |
| 590 | |a14-06-Supp|b2014-03-21 |
| 720 | 1 |aHay, D. E. |
| 720 | 1 |aMcCarter, P. B. |
| 830 | #0|aCanadian technical report of fisheries and aquatic sciences,|x1488-5379|vNo. 2451|w(CaOODSP)9.504449 |
| 856 | 40|ahttp://publications.gc.ca|qPDF|s683 KB|uhttps://publications.gc.ca/collections/collection_2014/mpo-dfo/Fs97-6-2451-eng.pdf|yNo. 2451 |